Olympique Lyonnais Current Squad - Statistics

General Stats
  • This quiz has been taken 955 times
    252 since last reset
  • The average score is 11 of 21
Answer Stats
# Player % Correct
10 Alexandre Lacazette
92%
1 Anthony Lopes
90%
18 Rayan Cherki
79%
88 Corentin Tolisso
78%
6 Maxence Caqueret
72%
3 Nicolás Tagliafico
72%
5 Dejan Lovren
56%
4 Castello Lukeba
55%
Head Coach Laurent Blanc
55%
2 Sinaly Diomandé
54%
26 Bradley Barcola
51%
20 Saël Kumbedi
50%
47 Jeffinho
41%
24 Johann Lepenant
36%
7 Amin Sarr
35%
35 Rémy Riou
35%
12 Henrique
33%
23 Thiago Mendes
32%
38 Mohamed El Arouch
27%
22 Jeff Reine-Adélaïde
20%
40 Kayne Bonnevie
10%
No matching quizzes found
Score Distribution
Percent of People with Each Score
Percentile by Number Answered
Your Score History
You have not taken this quiz since the last reset